Referee Handsigns - Statistics

General Stats
  • This quiz has been taken 8 times
  • The average score is 11 of 16
Answer Stats
Picture Answer % Correct
Cross-Checking
100%
Ellbowing
100%
High-Sticking
100%
Holding
100%
Kneeing
100%
Misconduct
100%
Roughing
100%
Boarding
50%
Butt-Ending
50%
Contact to the Head
50%
Delay of Game
50%
Hitting from Behind
50%
Interference
50%
Tripping
50%
Clipping
0%
Hand Pass
0%
No matching quizzes found
Score Distribution
Percent of People with Each Score
Percentile by Number Answered
Your Score History
You have not taken this quiz